| 000 | 02982nam a2200397 i 4500 | ||
|---|---|---|---|
| 001 | 193289 | ||
| 003 | SpMaBN | ||
| 005 | 20250712063136.0 | ||
| 007 | ta | ||
| 008 | 160407s2016 sp | |||| 000 j spa | ||
| 017 |
_aM 6749-2016 _bOficina Depósito Legal Madrid |
||
| 020 | _a9788499464244 | ||
| 035 | _a(OCoLC)948786122 | ||
| 035 | _aa5781020 | ||
| 040 |
_aSpMaBN _bspa _cSpMaBN _erdc |
||
| 080 | _a821.134.2-32"19" | ||
| 100 | 1 |
_aBenítez, Jesús, _d1957- _4aut _0XX4581806 _9234283 _eaut |
|
| 245 | 1 | 0 |
_aPueblo Paraíso y otros relatos / _cJesús Benítez Benítez ; [prólogo, Aurelio de Prada García] |
| 250 | _aPrimera edición, marzo de 2016 | ||
| 260 |
_aMadrid : _bEdición Personal, _c2016 |
||
| 300 |
_a185 páginas ; _c21 cm |
||
| 336 |
_aTexto (visual) _2isbdcontent |
||
| 337 |
_asin mediación _2isbdmedia |
||
| 338 |
_2rdacarrier _avolumen |
||
| 505 | 0 | _aPueblo Paraíso, el encuentro de una vida, otra vez ; Sandro y el pueblo alto ; Entrevistas con el loco más cuerdo del mundo | |
| 520 | _aEl libro que tienes entre las manos está compuesto por tres relatos diferentes. En el primero, titulado Pueblo paraíso, se hace un recorrido, sobre una base biográfica y emotiva, de la España vivida desde los años 60 hasta los años 80, en el que se describe una experiencia sensitiva y razonada de la adolescencia y de la juventud en el ambiente de un hermoso pueblo de Salamanca, Alba de Tormes. Se descubre una realidad generacional que es el fundamento de la realidad presente. En el segundo, titulado Sandro y el pueblo alto, la narración se aproxima más hacia el cuento y nace, avanza y concluye en el denominado realismo mágico. Se hace una descripción crítica del mundo y una proclama en favor de la libertad. En el tercero, titulado Entrevistas al loco más cuerdo del mundo, el relato se desarrolla por una línea argumental policiaca y negra, sobre un fundamento psicológico, con el objetivo de valorar el comportamiento humano ante lo imprevisible, con un tono de humor y de debate social. Con estas tres obras tan distintas, el autor pretende proporcionar moralejas y realiza un estudio humano, con técnicas independientes, caminando por el pasado, el presente y el futuro; presenta una visión literaria y reflexiva del ser humano que apuesta de modo decidido por la aventura, la esperanza, la razón y, sobre todo, por la imaginación. | ||
| 655 | 4 |
_9226829 _aCuentos |
|
| 700 | 1 |
_9234416 _aPrada García, Aurelio de _eaui |
|
| 852 |
_aES-MaACL _bR. 154693 _cDEPOJ _jN-9467 _gDedicatoria autógrafa del autor _hDonación: Jesús Benítez _9200728 _xEncuadernación rústica con solapas |
||
| 903 |
_9234283 _aBenítez, Jesús, _d1957- _ednr |
||
| 942 |
_n0 _cMONOGRAFIA |
||
| 999 |
_c193289 _d193289 |
||